Loading...
| Philosophy | 0 | 3 | 0 | 2 | 30 | 118 | 125.67 | 0 | 0 |
| Science - Biology | 0 | 2 | 0 | 2 | 20 | 123 | 125.50 | 0 | 0 |
| History - American History | 0 | 1 | 0 | 0 | 10 | 120 | 120.00 | 0 | 0 |
| Literature - American Literature | 0 | 1 | 0 | 1 | 10 | 147 | 147.00 | 0 | 0 |
| Social Science | 0 | 1 | 0 | 0 | 10 | 105 | 105.00 | 0 | 0 |
| Fine Arts - Visual Fine Arts | 0 | 1 | 0 | 0 | 10 | 133 | 133.00 | 0 | 0 |
| Literature - European Literature | 0 | 1 | 0 | 0 | 10 | 117 | 117.00 | 0 | 0 |
| Science - Other Science | 0 | 1 | 0 | 0 | 10 | 76 | 76.00 | 0 | 0 |
| Fine Arts - Classical Music | 0 | 1 | 0 | 0 | 10 | 123 | 123.00 | 0 | 0 |
| Literature - British Literature | 0 | 1 | 1 | 0 | 5 | 121 | 121.00 | 0 | 0 |
| Science - Chemistry | 0 | 0 | 0 | 0 | 0 | 0.00 | 0 | 0 | |
| History - World History | 0 | 0 | 1 | 0 | -5 | 0.00 | 0 | 0 | |
| History - Other History | 0 | 0 | 1 | 0 | -5 | 0.00 | 0 | 0 | |
| Literature - World/Other Literature | 0 | 0 | 1 | 0 | -5 | 0.00 | 0 | 0 |